000
002970000a22001330004500
003
MACL
040
_a
MACL
090
_c
39231
_d
39229
100
_a
Galt, John
245
_a
The Entail or The Lairds of Gippy
260
_b
Oxford University Press
_c
1839
650
_a
Novel
942
_c
BOOK
_k
823/GAL
999
_c
38803
_d
38803